00814nam a22001817a 4500003000900000008004100009040007100050082002000121100004000141245004200181260005000223300004300273440006400316505020800380650001600588650001300604650001500617AR-CdUCM190305b ||||| |||| 00| 0 spa d aMUNICIPALIDAD PROVINCIAL DEL CUSCOcBIBLIOTECA MUNICIPAL DEL CUSCO a985.009 /bSA22 aSánchez Carrión, Susana Llontop aJosé Faustino Sánchez Carrión / aLima :bVisión Peruana,bMonterrico,c1987. a62 páginas ;bilustraciones,c21 cm. aLos que hicieron el Perú, Biblioteca visión peruana.n2 aContenido: Primeros años -- El seminario de Trujillo -- El convictorio de San Carlos -- Intervención en el debate sobre la forma de gobierno -- Defensa de sus ideas en artículos periodísticos ... aBiografía aHistoria aPolítico